| 000 | 00366nam a2200133Ia 4500 | ||
|---|---|---|---|
| 008 | 231129s1959||||xx |||||||||||||| ||spa|| | ||
| 040 | _bspa | ||
| 082 | _a923.587 F828n | ||
| 100 | _aFrank Waldo | ||
| 245 | 0 | _aNacimiento de un mundo: Bolívar dentro del marco de sus propios pueblos | |
| 260 | _c1959 | ||
| 264 | _aMadrid España : Aguilar | ||
| 942 |
_2ddc _cBKS |
||
| 999 |
_c21562 _d21562 |
||